Real Madrid UCL Final 13/14 Lineup - Statistics

General Stats
  • This quiz has been taken 2,604 times
  • The average score is 16 of 20
Answer Stats
Real Madrid Answer % Correct
7- Portugal Cristiano Ronaldo
99%
11- Wales Gareth Bale
98%
1- Spain Iker Casillas
97%
4- Spain Sergio Ramos
97%
9- France Karim Benzema
96%
19- Croatia Luka Modric
96%
3- Portugal Pepe
96%
12- Brazil Marcelo
92%
2- France Raphael Varane
92%
Head Coach- Italy Carlo Ancelotti
87%
22- Argentina Angel Di Maria
85%
Assistant Coach- France Zinedine Zidane
85%
6- Germany Sami Khedira
83%
5- Portugal Fabio Coentrao
78%
23- Spain Isco
74%
15- Spain Daniel Carvajal
71%
17- Spain Alvaro Arbeloa
48%
21- Spain Alvaro Morata
48%
25- Spain Diego Lopez
32%
24- Spain Asier Illarramendi
23%
No matching quizzes found
Score Distribution
Percent of People with Each Score
Percentile by Number Answered
Your Score History
You have not taken this quiz